000 02070cam a22004694i 4500
003 PE-LiUPU
005 20250731173355.0
008 150706s2004 miua rb 000 0 spa d
020 _a9780825413995
035 _a(Sirsi) i9780825413995
040 _aPE-LiUPU
_bspa
_cPE-LiUPU
_erda
049 _aPRUA
082 0 4 _a241.21
_bL98
_221
100 1 _aLutzer, Erwin W.,
_eautor.
245 1 1 _a¿Quién eres tú para juzgar? :
_bcómo distinguir entre verdades, medias verdades y mentiras /
_cErwin W. Lutzer.
264 1 _aMichigan :
_bPortavoz,
_c2004.
300 _a247 páginas :
_bilustraciones ;
_c22centímetros
336 _atext
_2rdacontent
337 _aunmediated
_2rdamedia
338 _avolume
_2rdacarrier
504 _aBibliografía incluida en los pies de página.
505 0 _a¿Por qué tenemos miedo de juzgar? -- No juzguéis para que no seáis juzgados -- Cómo juzgar acerca de doctrinas -- Al juzgar a los profetas falsos -- Cómo juzgar los milagros -- Cómo juzgar el entretenimiento -- Cómo juzgar las apariencias -- Cómo juzgar el paganismo contemporáneo -- Cómo juzgar acerca de fantasmas, ángeles y lugares sagrados -- Cómo juzgar la conducta -- Cómo juzgar el carácter.
526 _aSEG42
526 _aSEG41
526 _aSEG40
526 _aSEG39
526 _aP94
526 _aP87
526 _aP86
526 _aP85
526 _aP77
526 _aP76
526 _aP35
541 _g001-0000480;
650 0 4 _aEtica cristiana.
_91047
910 _agl
_bjck
_d20101022
942 _2ddc
_cBOOK
949 _a241.21 L98
_wDEWEY
_c1
_i62212
_d2016-6-2
_e2016-5-31
_lCCODEBUL1
_mBUL
_n1
_p7.00
_r0
_sY
_tBOOK
_u2015-7-6
_xTEOLOGIA
_PP35
_0COMPRA
_o.STAFF. Colección Teología
994 _aC0
_bPEPRU
596 _a1
999 _a241.21 L98
_wDEWEY
_c51289
_i62212
_d51289
_e2016-5-31
_f2021-11-10
_g6
_lCCODEBUL1
_mBUL
_n1
_p7.00
_r0
_sY
_tBOOK
_u2015-7-6
_xTEOLOGIA
_PP35
_0COMPRA
_o.STAFF. Colección Teología
980 _81
_gALBERTO SANCHEZ Responsable de Automatización